000
00272nam a2200109Ia 4500
008
200302s9999 xx 000 0 und d
100
_a
Markus Hattstein and Other
245
_a
Islam art and Architecture
260
_b
Tandem Verlag Gmbh
260
_c
2004
300
_a
623 P.,
999
_c
3105
_d
3105